| 000 | 00604nam a2200193 a 4500 | ||
|---|---|---|---|
| 001 | 24190 | ||
| 003 | CO-ViMGA | ||
| 008 | 141112s2004 ck r 000 u spa d | ||
| 020 | _a978958049763 | ||
| 040 |
_aCO-ViMGA _bspa _cCO-ViMGA |
||
| 082 | 0 | 4 | _a324.2861 G874l |
| 100 | 1 |
_aGutierrez, Francisco _935249 |
|
| 245 | 1 | 0 |
_aLo que el viento se llevo ? Los partidos politicos y la democracia en colombia 1958 - 2002 / _cFrancisco Gutierrez |
| 260 |
_aColombia : _bNorma |
||
| 300 | _a518p. | ||
| 650 | 1 | 4 |
_aCOLOMBIA - POLITICO Y GOBIERNO _935250 |
| 650 | 1 | 4 | _aPARTIDOS POLITICOS - COLOMBIA |
| 942 |
_2ddc _cBK |
||
| 999 |
_c32210 _d32210 |
||